01290 a2200205 45000010006000000050017000060080041000230030015000640400040000790800036001192450117001552640082002723000035003545050394003890410008007831000060007917000029008517000105008808560099009854583320260407155730.0260407a1992 arg spa dAR-UNSa-BCEJYS aAR-UNSa-BCEJYSbspacAR-UNSa-BCEJYS a37:331.5xEducación y Trabajo10aEducación y trabajopdesafíos y perspectivas de investigación y política para la década de los noventa 1aBuenos Aires :bRed Latinoamericana de Educación y Trabajo CIID-CENEPc1992 a2 v. (216, 219-450 p.)c23 cm. aPrimera Parte: La educación y el mercado de trabajo en un contexto cambiante – Segunda Parte: Cambio tecnológico, cambio en las calificaciones, educación y capacitación – Tercera Parte: La educación media y técnica ante el desafío actual – Cuarta Parte: La perspectiva de la educación superior – Quinta Parte: Los grupos objetivos críticos en América Latina -  aspa1 aRed Latinoamericana de Educación y Trabajo CIID-CENEP1 aGallart, María Antonia1 aCentro interamericano de investigación y documentación sobre formación profesional (CINTERFOR)41uhttps://www.biblioeco.unsa.edu.ar/pmb/images/libros/L127197.jpgyImagen de portadaqimage/jpeg